000 00245nam a2200109Ia 4500
005 20260328101454.0
008 260328s9999||||xx |||||||||||||| ||und||
245 0 _aArtemide :
_b Catalogue /
300 _a367 p.
650 _aCATÁLOGOS
942 _cBK
999 _c8759
_d8759